[Event "Team men PL final"]
[Site "Sochi"]
[Date "2018.05.08"]
[Round "7.11"]
[White "Rublevsky, Sergei"]
[Black "Hasangatin, Ramil"]
[Result "1-0"]
[BlackElo "2502"]
[WhiteElo "2665"]
[LiveChessVersion "1.4.8"]

1.e4 c5 2.Nf3 Nc6 3.Bb5 g6 4.Bxc6 bxc6 5.O-O Bg7 6.Re1 Nf6 7.e5
Nd5 8.c4 Nc7 9.d4 cxd4 10.Qxd4 Ne6 11.Qh4 h5 12.Nc3 d6 13.Rd1
Rb8 14.exd6 exd6 15.Qxd8+ Kxd8 16.Ne4 d5 17.cxd5 cxd5 18.Rxd5+
Ke7 19.Ne5 Rb6 20.b3 Bb7 21.Rd7+ Ke8 22.Rxb7 Bxe5 23.Rxb6 axb6
24.Rb1 Kd7 25.Be3 f5 26.Nd2 b5 27.a4 f4 28.Bb6 Bd4 29.Bxd4 Nxd4
30.axb5 Nxb5 31.Nf3 Ke6 32.Re1+ Kd6 33.h4 Nc3 34.Ng5 Kd5 35.Ne6
f3 36.gxf3 Rb8 37.Nf4+ Kd4 38.Re6 Rf8 39.Nxg6 Rxf3 40.Kg2 Rf5
41.Rd6+ Ke4 42.Rc6 Kd3 43.Rc8 Rf6 44.Ne5+ Kc2 45.b4 Kb3 46.Nd3
Rd6 47.Nf4 Kxb4 48.Rh8 Kc4 49.Nxh5 Nd5 50.Kf3 Kd4 51.Re8 Rh6
52.Re4+ Kc5 53.Nf4 Nxf4 54.Rxf4 Kd5 55.Re4 Rf6+ 56.Rf4 Rh6 57.Kg4
Rh8 58.Kf5 Rf8+ 59.Kg5 Rg8+ 60.Kh6 Ke5 61.Ra4 Rh8+ 62.Kg7 Rb8
63.h5 Rb7+ 64.Kg6 Rb6+ 65.Kg5 Ke6 66.Rf4 Rb1 67.h6 Rh1 68.Kg6
Ke7 69.Rf7+ Ke6 70.Rf6+ Ke7 71.Kg7 1-0

[Event "Team men PL final"]
[Site "Sochi"]
[Date "2018.05.08"]
[Round "7.12"]
[White "Faizrakhmanov, Ramil"]
[Black "Lysyj, Igor"]
[Result "0-1"]
[BlackElo "2630"]
[WhiteElo "2419"]
[LiveChessVersion "1.4.8"]

1. d4 {[%clk 1:30:56]} Nf6 {[%clk 1:30:53]} 2. c4 {[%clk 1:31:15]} e6
{[%clk 1:31:20]} 3. Nf3 {[%clk 1:31:30]} d5 {[%clk 1:31:46]} 4. Nc3
{[%clk 1:31:16]} dxc4 {[%clk 1:32:10]} 5. e3 {[%clk 1:30:00]} a6 {[%clk 1:32:06]}
6. a4 {[%clk 1:29:45]} c5 {[%clk 1:31:27]} 7. Bxc4 {[%clk 1:30:00]} Nc6
{[%clk 1:31:46]} 8. O-O {[%clk 1:29:43]} Be7 {[%clk 1:32:01]} 9. Qe2
{[%clk 1:28:32]} O-O {[%clk 1:31:32]} 10. Rd1 {[%clk 1:28:22]} Qc7
{[%clk 1:31:33]} 11. dxc5 {[%clk 1:24:53]} Bxc5 {[%clk 1:31:33]} 12. Bd2
{[%clk 1:23:59]} Bd7 {[%clk 1:24:51]} 13. Bd3 {[%clk 1:21:00]} Be7
{[%clk 1:08:53]} 14. Ne4 {[%clk 1:14:05]} Nd5 {[%clk 1:01:38]} 15. Be1
{[%clk 1:06:09]} Rfd8 {[%clk 0:58:01]} 16. Rac1 {[%clk 0:52:16]} Be8
{[%clk 0:57:09]} 17. Nc3 {[%clk 0:44:52]} Ndb4 {[%clk 0:54:23]} 18. Bb1
{[%clk 0:44:23]} Rxd1 {[%clk 0:53:27]} 19. Rxd1 {[%clk 0:43:39]} Rd8
{[%clk 0:53:06]} 20. Rxd8 {[%clk 0:41:21]} Qxd8 {[%clk 0:53:06]} 21. Qc4
{[%clk 0:39:05]} g6 {[%clk 0:50:19]} 22. h3 {[%clk 0:33:19]} Bf8 {[%clk 0:40:16]}
23. Ne4 {[%clk 0:28:52]} Nd5 {[%clk 0:40:24]} 24. Qb3 {[%clk 0:27:49]} Qe7
{[%clk 0:29:50]} 25. Bd3 {[%clk 0:27:10]} Bg7 {[%clk 0:24:56]} 26. Bc4
{[%clk 0:26:48]} Nf6 {[%clk 0:19:35]} 27. Nxf6+ {[%clk 0:21:57]} Bxf6
{[%clk 0:20:04]} 28. Bc3 {[%clk 0:22:09]} Bxc3 {[%clk 0:20:18]} 29. Qxc3
{[%clk 0:22:31]} Qb4 {[%clk 0:20:18]} 30. Qxb4 {[%clk 0:22:27]} Nxb4
{[%clk 0:20:47]} 31. b3 {[%clk 0:22:43]} Kf8 {[%clk 0:20:57]} 32. Kf1
{[%clk 0:18:51]} Ke7 {[%clk 0:21:12]} 33. g4 {[%clk 0:18:11]} h6 {[%clk 0:15:15]}
34. h4 {[%clk 0:16:05]} Kd6 {[%clk 0:14:25]} 35. Ke2 {[%clk 0:14:11]} Bc6
{[%clk 0:12:27]} 36. Nd4 {[%clk 0:13:36]} g5 {[%clk 0:12:27]} 37. hxg5
{[%clk 0:13:17]} hxg5 {[%clk 0:12:52]} 38. Kd2 {[%clk 0:12:00]} Bd7
{[%clk 0:09:17]} 39. f4 {[%clk 0:10:57]} e5 {[%clk 0:07:55]} 40. Ne2
{[%clk 0:33:52]} exf4 {[%clk 0:36:12]} 41. exf4 {[%clk 0:32:02]} f6
{[%clk 0:35:07]} 42. f5 {[%clk 0:21:06]} b5 {[%clk 0:29:22]} 43. axb5
{[%clk 0:19:57]} axb5 {[%clk 0:29:44]} 44. Bf7 {[%clk 0:19:05]} Nc6
{[%clk 0:25:35]} 45. Nc3 {[%clk 0:13:51]} Ne5 {[%clk 0:24:31]} 46. Ne4+
{[%clk 0:14:02]} Ke7 {[%clk 0:24:56]} 47. Bh5 {[%clk 0:14:21]} Bc6
{[%clk 0:19:02]} 48. Ke3 {[%clk 0:14:29]} b4 {[%clk 0:09:53]} 49. Nc5
{[%clk 0:11:51]} Bd5 {[%clk 0:09:44]} 50. Na6 {[%clk 0:10:23]} Nc6
{[%clk 0:09:43]} 51. Nc5 {[%clk 0:10:28]} Ne5 {[%clk 0:09:52]} 52. Na6
{[%clk 0:10:47]} Nc6 {[%clk 0:08:43]} 53. Nc5 {[%clk 0:11:10]} Kd6
{[%clk 0:08:38]} 54. Nb7+ {[%clk 0:11:29]} Kd7 {[%clk 0:08:58]} 55. Nc5+
{[%clk 0:11:31]} Ke7 {[%clk 0:08:43]} 56. Kd3 {[%clk 0:09:18]} Kd6
{[%clk 0:08:05]} 57. Nb7+ {[%clk 0:09:20]} Kc7 {[%clk 0:08:22]} 58. Nc5
{[%clk 0:09:31]} Ne5+ {[%clk 0:06:47]} 59. Ke3 {[%clk 0:07:51]} Kb6
{[%clk 0:04:47]} 60. Kd4 {[%clk 0:04:18]} Bf3 {[%clk 0:05:11]} 61. Ne6
{[%clk 0:03:43]} Bxg4 {[%clk 0:02:44]} 62. Bxg4 {[%clk 0:03:18]} Nxg4
{[%clk 0:03:13]} 63. Ng7 {[%clk 0:01:50]} Kc6 {[%clk 0:02:18]} 64. Nh5
{[%clk 0:01:41]} Kd6 {[%clk 0:02:23]} 65. Kc4 {[%clk 0:00:35]} Ke5
{[%clk 0:02:35]} 66. Kxb4 {[%clk 0:00:56]} Ne3 {[%clk 0:02:17]} 67. Kc3
{[%clk 0:00:51]} Nxf5 {[%clk 0:02:25]} 68. Kd3 {[%clk 0:01:10]} Nd6
{[%clk 0:02:17]} 69. b4 {[%clk 0:01:19]} f5 {[%clk 0:02:39]} 70. Ke3
{[%clk 0:01:05]} g4 {[%clk 0:02:32]} 71. Kf2 {[%clk 0:00:34]} f4 {[%clk 0:02:41]}
72. Kg2 {[%clk 0:00:59]} Ne4 {[%clk 0:01:38]} 73. b5 {[%clk 0:00:57]} f3+
{[%clk 0:02:03]} 74. Kh2 {[%clk 0:01:13]} Kd6 {[%clk 0:01:53]} 75. Ng7
{[%clk 0:00:43]} Kc5 {[%clk 0:00:57]} 76. Nf5 {[%clk 0:00:46]} Kxb5
{[%clk 0:01:21]} 77. Kg1 {[%clk 0:00:35]} Kc5 {[%clk 0:01:27]} 78. Ne3
{[%clk 0:00:56]} g3 {[%clk 0:01:43]} 79. Nf5 {[%clk 0:01:13]} Kd5
{[%clk 0:01:44]} 80. Nh4 {[%clk 0:00:51]} f2+ {[%clk 0:02:04]} 81. Kg2
{[%clk 0:01:17]} Nd2 {[%clk 0:02:15]} 0-1

[Event "Team men PL final"]
[Site "Sochi"]
[Date "2018.05.08"]
[Round "7.13"]
[White "Dubov, Daniil"]
[Black "Romanov, Evgeny"]
[Result "1/2-1/2"]
[BlackElo "2619"]
[WhiteElo "2696"]
[LiveChessVersion "1.4.8"]

1. c4 {[%clk 1:30:56]} e5 {[%clk 1:29:49]} 2. Nc3 {[%clk 1:31:19]} Nf6
{[%clk 1:30:10]} 3. Nf3 {[%clk 1:31:43]} Nc6 {[%clk 1:30:32]} 4. g3
{[%clk 1:32:09]} Bb4 {[%clk 1:30:34]} 5. Bg2 {[%clk 1:32:32]} O-O
{[%clk 1:30:46]} 6. O-O {[%clk 1:32:57]} d6 {[%clk 1:29:40]} 7. Nd5
{[%clk 1:33:17]} Bc5 {[%clk 1:29:51]} 8. e3 {[%clk 1:33:30]} Bb6 {[%clk 1:24:14]}
9. a4 {[%clk 1:22:45]} Ba5 {[%clk 1:24:33]} 10. d4 {[%clk 1:18:20]} Bg4
{[%clk 1:20:01]} 11. h3 {[%clk 1:10:42]} Bh5 {[%clk 1:16:09]} 12. g4
{[%clk 1:06:28]} Bg6 {[%clk 1:15:56]} 13. Nh4 {[%clk 0:52:13]} exd4
{[%clk 1:02:50]} 14. exd4 {[%clk 0:41:35]} Nxd5 {[%clk 1:02:46]} 15. Nxg6
{[%clk 0:35:34]} hxg6 {[%clk 1:01:43]} 16. Bxd5 {[%clk 0:31:42]} Qh4
{[%clk 0:56:13]} 17. Ra3 {[%clk 0:27:58]} Bb4 {[%clk 0:50:17]} 18. Rf3
{[%clk 0:23:23]} Rae8 {[%clk 0:48:34]} 19. Bf4 {[%clk 0:21:49]} Nd8
{[%clk 0:46:47]} 20. Bg3 {[%clk 0:16:47]} Qe7 {[%clk 0:38:53]} 21. Re3
{[%clk 0:15:50]} Qf6 {[%clk 0:37:45]} 22. Rf3 {[%clk 0:16:02]} Qe7
{[%clk 0:38:08]} 23. Re3 {[%clk 0:16:27]} Qf6 {[%clk 0:38:32]} 24. Qe2
{[%clk 0:13:31]} Ne6 {[%clk 0:35:55]} 25. Rd1 {[%clk 0:13:08]} g5
{[%clk 0:31:35]} 26. Rdd3 {[%clk 0:11:03]} a5 {[%clk 0:26:03]} 27. Kg2
{[%clk 0:10:08]} c6 {[%clk 0:23:30]} 28. Bxe6 {[%clk 0:10:25]} Rxe6
{[%clk 0:21:09]} 29. Rxe6 {[%clk 0:09:23]} Qxe6 {[%clk 0:16:32]} 30. Re3
{[%clk 0:08:12]} Qf6 {[%clk 0:16:53]} 31. Re4 {[%clk 0:08:22]} Rd8
{[%clk 0:12:26]} 32. Re8+ {[%clk 0:07:06]} Rxe8 {[%clk 0:10:39]} 33. Qxe8+
{[%clk 0:07:34]} Kh7 {[%clk 0:11:08]} 34. Qe4+ {[%clk 0:07:19]} g6
{[%clk 0:08:26]} 35. b3 {[%clk 0:05:36]} Qe6 {[%clk 0:03:56]} 36. Qxe6
{[%clk 0:02:26]} fxe6 {[%clk 0:04:25]} 37. Kf3 {[%clk 0:02:32]} Kg7
{[%clk 0:03:28]} 38. Ke4 {[%clk 0:02:04]} Kf6 {[%clk 0:03:33]} 39. d5
{[%clk 0:00:41]} e5 {[%clk 0:02:44]} 40. f3 {[%clk 0:30:33]} c5 {[%clk 0:31:42]}
41. Kd3 {[%clk 0:27:54]} Ba3 {[%clk 0:29:29]} 42. Be1 {[%clk 0:27:55]} Bb4
{[%clk 0:28:48]} 43. Bf2 {[%clk 0:28:17]} Ba3 {[%clk 0:28:46]} 44. Bg3
{[%clk 0:24:48]} Bb2 {[%clk 0:23:07]} 45. Be1 {[%clk 0:25:04]} b6
{[%clk 0:23:23]} 46. Bd2 {[%clk 0:24:34]} Bd4 {[%clk 0:18:42]} 47. Ke2
{[%clk 0:24:49]} Bg1 {[%clk 0:18:21]} 48. Kd3 {[%clk 0:05:10]} Bh2
{[%clk 0:17:06]} 1/2-1/2

[Event "Team men PL final"]
[Site "Sochi"]
[Date "2018.05.08"]
[Round "7.14"]
[White "Alekseev, Evgeny"]
[Black "Inarkiev, Ernesto"]
[Result "1/2-1/2"]
[BlackElo "2686"]
[WhiteElo "2622"]
[LiveChessVersion "1.4.8"]

1. e4 {[%clk 1:30:57]} e5 {[%clk 1:30:55]} 2. Nf3 {[%clk 1:31:22]} Nc6
{[%clk 1:31:21]} 3. Bb5 {[%clk 1:31:34]} a6 {[%clk 1:31:46]} 4. Ba4
{[%clk 1:31:47]} Nf6 {[%clk 1:32:12]} 5. O-O {[%clk 1:31:58]} Be7
{[%clk 1:32:31]} 6. d3 {[%clk 1:31:40]} d6 {[%clk 1:32:43]} 7. c3
{[%clk 1:31:09]} O-O {[%clk 1:33:07]} 8. h3 {[%clk 1:31:09]} Re8 {[%clk 1:32:34]}
9. Be3 {[%clk 1:29:57]} Bf8 {[%clk 1:26:03]} 10. Nbd2 {[%clk 1:28:17]} h6
{[%clk 1:26:26]} 11. Bxc6 {[%clk 1:14:29]} bxc6 {[%clk 1:26:50]} 12. b4
{[%clk 1:13:54]} a5 {[%clk 1:00:44]} 13. Nc4 {[%clk 1:09:10]} axb4
{[%clk 0:53:20]} 14. cxb4 {[%clk 1:08:07]} Ba6 {[%clk 0:51:40]} 15. Qb3
{[%clk 0:58:18]} Qc8 {[%clk 0:46:22]} 16. Rfc1 {[%clk 0:49:25]} Rb8
{[%clk 0:40:43]} 17. Qc3 {[%clk 0:43:22]} d5 {[%clk 0:40:31]} 18. Ncxe5
{[%clk 0:43:14]} Bxb4 {[%clk 0:40:29]} 19. Qc2 {[%clk 0:39:36]} Ba3
{[%clk 0:35:54]} 20. Rd1 {[%clk 0:28:16]} Bb2 {[%clk 0:27:23]} 21. Nxc6
{[%clk 0:28:19]} Bxa1 {[%clk 0:24:42]} 22. Nxb8 {[%clk 0:28:17]} Qxb8
{[%clk 0:24:06]} 23. Rxa1 {[%clk 0:28:16]} dxe4 {[%clk 0:17:36]} 24. dxe4
{[%clk 0:28:34]} Rxe4 {[%clk 0:18:05]} 25. Bd4 {[%clk 0:23:32]} Re2
{[%clk 0:17:11]} 26. Qa4 {[%clk 0:17:42]} Re6 {[%clk 0:16:22]} 27. Rc1
{[%clk 0:15:47]} Qb7 {[%clk 0:12:50]} 28. Bxf6 {[%clk 0:08:33]} Rxf6
{[%clk 0:12:49]} 29. Qd7 {[%clk 0:08:37]} c5 {[%clk 0:04:49]} 30. Qe8+
{[%clk 0:06:09]} Kh7 {[%clk 0:05:18]} 31. Rxc5 {[%clk 0:06:12]} Re6
{[%clk 0:04:31]} 32. Qa4 {[%clk 0:05:28]} Qb1+ {[%clk 0:03:02]} 33. Kh2
{[%clk 0:05:53]} Qb8+ {[%clk 0:03:28]} 34. Kg1 {[%clk 0:06:03]} Qb1+
{[%clk 0:02:10]} 35. Kh2 {[%clk 0:06:27]} Qb8+ {[%clk 0:02:39]} 36. Kg1
{[%clk 0:06:51]} Qb1+ {[%clk 0:03:07]} 1/2-1/2

[Event "Team men PL final"]
[Site "Sochi"]
[Date "2018.05.08"]
[Round "7.15"]
[White "Najer, Evgeniy"]
[Black "Lobanov, Sergei"]
[Result "1/2-1/2"]
[BlackElo "2515"]
[WhiteElo "2667"]
[LiveChessVersion "1.4.8"]

1. e4 {[%clk 1:30:58]} c6 {[%clk 1:30:56]} 2. d4 {[%clk 1:31:20]} d5
{[%clk 1:31:22]} 3. e5 {[%clk 1:31:37]} Bf5 {[%clk 1:31:46]} 4. Nf3
{[%clk 1:32:01]} e6 {[%clk 1:32:10]} 5. Be2 {[%clk 1:32:27]} Nd7 {[%clk 1:32:29]}
6. O-O {[%clk 1:32:38]} h6 {[%clk 1:32:54]} 7. Nbd2 {[%clk 1:26:56]} Ne7
{[%clk 1:33:15]} 8. Nb3 {[%clk 1:27:24]} g5 {[%clk 1:33:38]} 9. Bd2
{[%clk 1:26:48]} Qc7 {[%clk 1:32:49]} 10. a4 {[%clk 1:26:22]} a5 {[%clk 1:32:39]}
11. c3 {[%clk 1:26:43]} Bg7 {[%clk 1:24:28]} 12. Ne1 {[%clk 1:25:03]} c5
{[%clk 1:23:05]} 13. Bb5 {[%clk 1:23:44]} Nc6 {[%clk 1:19:44]} 14. f4
{[%clk 1:24:08]} c4 {[%clk 0:58:26]} 15. Nc1 {[%clk 1:24:23]} O-O-O
{[%clk 0:57:38]} 16. b3 {[%clk 1:05:57]} Nb6 {[%clk 0:46:40]} 17. fxg5
{[%clk 0:57:09]} hxg5 {[%clk 0:45:17]} 18. Bxg5 {[%clk 0:36:20]} f6
{[%clk 0:38:59]} 19. Bf4 {[%clk 0:36:45]} fxe5 {[%clk 0:37:28]} 20. Bg3
{[%clk 0:34:50]} Rdg8 {[%clk 0:20:33]} 21. Bxc6 {[%clk 0:11:41]} Qxc6
{[%clk 0:20:12]} 22. dxe5 {[%clk 0:10:43]} Bh6 {[%clk 0:15:30]} 23. Bf4
{[%clk 0:10:13]} Nd7 {[%clk 0:13:39]} 24. Qd4 {[%clk 0:06:39]} Be4
{[%clk 0:08:17]} 25. Bxh6 {[%clk 0:06:08]} Rxh6 {[%clk 0:08:40]} 26. Ra2
{[%clk 0:06:14]} Qc7 {[%clk 0:07:06]} 27. Raf2 {[%clk 0:01:34]} Qxe5
{[%clk 0:05:42]} 28. Qxe5 {[%clk 0:01:38]} Nxe5 {[%clk 0:06:08]} 29. bxc4
{[%clk 0:02:03]} Nxc4 {[%clk 0:05:56]} 30. Ned3 {[%clk 0:01:40]} Rhh8
{[%clk 0:02:39]} 31. Nc5 {[%clk 0:01:11]} Bxg2 {[%clk 0:02:44]} 32. Rxg2
{[%clk 0:01:34]} Rxg2+ {[%clk 0:03:10]} 33. Kxg2 {[%clk 0:02:02]} Ne3+
{[%clk 0:03:35]} 34. Kf2 {[%clk 0:02:27]} Nxf1 {[%clk 0:04:01]} 35. Kxf1
{[%clk 0:02:55]} Rxh2 {[%clk 0:04:26]} 36. Ne2 {[%clk 0:01:33]} e5
{[%clk 0:04:49]} 37. Nd3 {[%clk 0:01:18]} Rh5 {[%clk 0:04:42]} 38. Ng3
{[%clk 0:00:46]} Rg5 {[%clk 0:05:06]} 39. Kf2 {[%clk 0:01:13]} Kc7
{[%clk 0:04:51]} 40. Nf1 {[%clk 0:30:52]} Kd6 {[%clk 0:33:31]} 41. Ne3
{[%clk 0:28:38]} Rg8 {[%clk 0:26:57]} 42. Ke2 {[%clk 0:26:46]} Rh8
{[%clk 0:27:10]} 43. Nf2 {[%clk 0:20:54]} Rc8 {[%clk 0:18:22]} 44. Kd2
{[%clk 0:19:48]} e4 {[%clk 0:17:33]} 45. Nf5+ {[%clk 0:14:02]} Ke5
{[%clk 0:16:23]} 46. Ne3 {[%clk 0:14:30]} Rd8 {[%clk 0:14:37]} 47. Nc2
{[%clk 0:12:23]} Rg8 {[%clk 0:12:43]} 48. Ne3 {[%clk 0:12:09]} Rg1
{[%clk 0:09:55]} 49. Nfg4+ {[%clk 0:10:14]} Ke6 {[%clk 0:09:14]} 50. Kc2
{[%clk 0:10:31]} Re1 {[%clk 0:08:18]} 51. Kb3 {[%clk 0:09:10]} Re2
{[%clk 0:08:36]} 52. Nc2 {[%clk 0:09:24]} Rd2 {[%clk 0:08:22]} 53. Nd4+
{[%clk 0:09:14]} Kd6 {[%clk 0:08:45]} 54. Nc2 {[%clk 0:08:42]} Kc5
{[%clk 0:07:13]} 55. Nd4 {[%clk 0:06:20]} Rxd4 {[%clk 0:04:46]} 56. cxd4+
{[%clk 0:06:46]} Kxd4 {[%clk 0:05:15]} 57. Kc2 {[%clk 0:06:16]} e3
{[%clk 0:04:25]} 58. Kd1 {[%clk 0:05:27]} Kd3 {[%clk 0:04:01]} 59. Ne5+
{[%clk 0:05:40]} Kc3 {[%clk 0:04:07]} 60. Ke2 {[%clk 0:06:07]} Kb3
{[%clk 0:01:14]} 61. Kxe3 {[%clk 0:04:35]} Kxa4 {[%clk 0:01:40]} 62. Kd4
{[%clk 0:04:42]} Kb3 {[%clk 0:02:00]} 63. Kxd5 {[%clk 0:02:36]} a4
{[%clk 0:00:51]} 64. Kc5 {[%clk 0:01:51]} b6+ {[%clk 0:00:38]} 65. Kb5
{[%clk 0:01:40]} a3 {[%clk 0:00:44]} 66. Nd3 {[%clk 0:02:01]} Kc2
{[%clk 0:00:51]} 67. Nb4+ {[%clk 0:02:17]} Kb3 {[%clk 0:01:17]} 68. Nd3
{[%clk 0:02:39]} Kc2 {[%clk 0:01:14]} 69. Nb4+ {[%clk 0:03:04]} Kc3
{[%clk 0:01:42]} 70. Na2+ {[%clk 0:02:59]} Kb2 {[%clk 0:02:03]} 71. Nb4
{[%clk 0:03:20]} a2 {[%clk 0:02:31]} 72. Nxa2 {[%clk 0:03:46]} Kxa2
{[%clk 0:03:00]} 73. Kxb6 1/2-1/2

[Event "Team men PL final"]
[Site "Sochi"]
[Date "2018.05.08"]
[Round "7.16"]
[White "Usmanov, Vasily"]
[Black "Motylev, Alexander"]
[Result "1/2-1/2"]
[BlackElo "2660"]
[WhiteElo "2472"]
[LiveChessVersion "1.4.8"]

1. Nf3 {[%clk 1:30:56]} d5 {[%clk 1:30:52]} 2. e3 {[%clk 1:31:22]} Nf6
{[%clk 1:31:03]} 3. c4 {[%clk 1:31:46]} e6 {[%clk 1:31:29]} 4. Nc3
{[%clk 1:31:03]} Be7 {[%clk 1:31:28]} 5. d4 {[%clk 1:30:08]} O-O {[%clk 1:31:50]}
6. Be2 {[%clk 1:26:01]} b6 {[%clk 1:29:57]} 7. cxd5 {[%clk 1:19:52]} exd5
{[%clk 1:29:57]} 8. O-O {[%clk 1:20:17]} Bb7 {[%clk 1:29:56]} 9. b3
{[%clk 1:14:55]} a6 {[%clk 1:24:58]} 10. Bb2 {[%clk 1:13:06]} Bd6
{[%clk 1:22:47]} 11. Ne5 {[%clk 1:06:44]} Re8 {[%clk 1:14:07]} 12. f4
{[%clk 1:06:09]} c5 {[%clk 1:14:15]} 13. g4 {[%clk 1:00:44]} cxd4
{[%clk 1:04:31]} 14. exd4 {[%clk 0:58:26]} Bb4 {[%clk 0:58:41]} 15. Rc1
{[%clk 0:44:26]} Bxc3 {[%clk 0:58:04]} 16. Rxc3 {[%clk 0:44:50]} Ne4
{[%clk 0:58:22]} 17. Rh3 {[%clk 0:42:02]} f6 {[%clk 0:57:06]} 18. Nd3
{[%clk 0:32:44]} Qe7 {[%clk 0:55:47]} 19. Nf2 {[%clk 0:24:31]} Ng3
{[%clk 0:35:24]} 20. Bd3 {[%clk 0:18:27]} Ne2+ {[%clk 0:33:01]} 21. Bxe2
{[%clk 0:18:42]} Qxe2 {[%clk 0:33:16]} 22. Qb1 {[%clk 0:19:07]} g6
{[%clk 0:26:58]} 23. f5 {[%clk 0:19:14]} g5 {[%clk 0:24:09]} 24. Bc3
{[%clk 0:19:39]} Qb5 {[%clk 0:17:21]} 25. Re1 {[%clk 0:19:55]} Rxe1+
{[%clk 0:16:39]} 26. Qxe1 {[%clk 0:20:17]} Qd7 {[%clk 0:17:03]} 27. Re3
{[%clk 0:16:35]} Nc6 {[%clk 0:17:19]} 28. h4 {[%clk 0:16:21]} h6 {[%clk 0:17:24]}
29. Kg2 {[%clk 0:15:34]} Kg7 {[%clk 0:13:19]} 30. Nd3 {[%clk 0:14:25]} a5
{[%clk 0:13:02]} 31. Nb2 {[%clk 0:06:48]} Ba6 {[%clk 0:06:35]} 32. Na4
{[%clk 0:07:13]} Qc7 {[%clk 0:04:24]} 33. Bd2 {[%clk 0:02:48]} Rh8
{[%clk 0:02:47]} 34. Re8 {[%clk 0:02:38]} Rf8 {[%clk 0:00:38]} 35. hxg5
{[%clk 0:01:01]} hxg5 {[%clk 0:01:04]} 36. Rxf8 {[%clk 0:00:55]} Kxf8
{[%clk 0:01:32]} 37. Qe6 {[%clk 0:01:07]} Qe7 {[%clk 0:00:34]} 38. Qxe7+
{[%clk 0:00:41]} Kxe7 {[%clk 0:00:59]} 39. Nxb6 {[%clk 0:01:06]} Kd6
{[%clk 0:01:15]} 40. Na4 {[%clk 0:30:35]} Bd3 {[%clk 0:30:42]} 41. Nc5
{[%clk 0:23:54]} Bb1 {[%clk 0:26:23]} 42. a3 {[%clk 0:21:12]} Bc2
{[%clk 0:18:50]} 43. Bc3 {[%clk 0:21:11]} Kc7 {[%clk 0:16:23]} 44. b4
{[%clk 0:20:32]} axb4 {[%clk 0:16:10]} 45. Ne6+ {[%clk 0:18:49]} Kd6
{[%clk 0:12:18]} 46. Bxb4+ {[%clk 0:19:01]} Nxb4 {[%clk 0:11:25]} 47. axb4
{[%clk 0:19:27]} Bd1 {[%clk 0:11:06]} 48. Kg3 {[%clk 0:19:41]} Be2
{[%clk 0:11:04]} 49. Nc5 {[%clk 0:18:23]} Kc6 {[%clk 0:09:28]} 50. Na4
{[%clk 0:18:23]} Bd3 {[%clk 0:09:25]} 51. Kf3 {[%clk 0:17:01]} Bc2
{[%clk 0:08:43]} 52. Nc3 {[%clk 0:17:03]} Bd3 {[%clk 0:09:02]} 53. Ke3
{[%clk 0:17:23]} Bf1 {[%clk 0:09:19]} 54. Na4 {[%clk 0:16:44]} Bh3
{[%clk 0:08:43]} 55. Kf3 {[%clk 0:17:12]} Bf1 {[%clk 0:08:39]} 56. Nc5
{[%clk 0:17:28]} Bc4 {[%clk 0:08:11]} 57. Ke3 {[%clk 0:17:28]} Bf1
{[%clk 0:08:21]} 58. Ne6 {[%clk 0:17:10]} Kd6 {[%clk 0:07:59]} 59. Ng7
{[%clk 0:17:08]} Bb5 {[%clk 0:05:56]} 60. Nh5 {[%clk 0:16:43]} Ke7
{[%clk 0:06:24]} 61. Ng3 {[%clk 0:16:48]} Kd6 {[%clk 0:06:50]} 62. Kd2
{[%clk 0:17:06]} Bc4 {[%clk 0:06:55]} 63. Kc3 {[%clk 0:16:57]} Bb5
{[%clk 0:06:48]} 64. Kb3 {[%clk 0:17:10]} Ke7 {[%clk 0:05:37]} 65. Kc2
{[%clk 0:13:55]} Kd6 {[%clk 0:05:56]} 66. Kd2 {[%clk 0:14:22]} Kd7
{[%clk 0:05:56]} 67. Nh5 {[%clk 0:13:52]} Ke7 {[%clk 0:06:17]} 68. Ng7
{[%clk 0:14:06]} Kd6 {[%clk 0:06:18]} 69. Ne6 {[%clk 0:13:42]} Kd7
{[%clk 0:06:30]} 70. Nc5+ {[%clk 0:13:01]} Kc6 {[%clk 0:06:53]} 71. Nb3
{[%clk 0:12:13]} Kb6 {[%clk 0:06:45]} 72. Na1 {[%clk 0:12:08]} Kc6
{[%clk 0:04:34]} 73. Nc2 {[%clk 0:11:58]} Ba6 {[%clk 0:04:52]} 74. Ne3
{[%clk 0:11:38]} Bb5 {[%clk 0:05:00]} 75. Nd1 {[%clk 0:11:17]} Bf1
{[%clk 0:05:17]} 76. Nc3 {[%clk 0:11:16]} Kd6 {[%clk 0:03:23]} 77. b5
{[%clk 0:11:14]} Bc4 {[%clk 0:03:22]} 78. Kc1 {[%clk 0:05:49]} Kc7
{[%clk 0:03:49]} 79. Kc2 {[%clk 0:06:08]} Kb7 {[%clk 0:03:55]} 80. Kb1
{[%clk 0:05:38]} Kc7 {[%clk 0:04:10]} 81. Ka1 {[%clk 0:05:57]} Kb7
{[%clk 0:04:29]} 82. Kb2 {[%clk 0:06:10]} Kb6 {[%clk 0:04:45]} 83. Kc1
{[%clk 0:06:25]} Kb7 {[%clk 0:04:43]} 84. Kc2 {[%clk 0:06:40]} Kc7
{[%clk 0:05:04]} 85. Kb2 {[%clk 0:06:21]} Kb6 {[%clk 0:05:16]} 86. Ka3
{[%clk 0:06:34]} Ka5 {[%clk 0:05:35]} 87. Nd1 {[%clk 0:06:06]} Kxb5
{[%clk 0:04:59]} 88. Ne3 {[%clk 0:06:30]} Be2 {[%clk 0:04:45]} 89. Nxd5
{[%clk 0:06:33]} Kc4 {[%clk 0:03:06]} 90. Nxf6 {[%clk 0:06:46]} Kxd4
{[%clk 0:03:28]} 91. Nh7 {[%clk 0:06:44]} Ke5 {[%clk 0:02:42]} 92. Nxg5
{[%clk 0:06:54]} Bxg4 {[%clk 0:03:03]} 93. f6 {[%clk 0:07:21]} Kxf6
{[%clk 0:03:28]} 1/2-1/2

[Event "Team men PL final"]
[Site "Sochi"]
[Date "2018.05.08"]
[Round "7.17"]
[White "Zvjaginsev, Vadim"]
[Black "Pershin, Denis"]
[Result "1/2-1/2"]
[BlackElo "2392"]
[WhiteElo "2625"]
[LiveChessVersion "1.4.8"]

1. e4 {[%clk 1:30:53]} c6 {[%clk 1:30:55]} 2. Nc3 {[%clk 1:31:14]} d5
{[%clk 1:31:19]} 3. Nf3 {[%clk 1:31:38]} Bg4 {[%clk 1:31:43]} 4. h3
{[%clk 1:32:05]} Bxf3 {[%clk 1:32:07]} 5. Qxf3 {[%clk 1:32:31]} Nf6
{[%clk 1:32:25]} 6. d4 {[%clk 1:32:34]} dxe4 {[%clk 1:32:48]} 7. Qe3
{[%clk 1:33:00]} Nbd7 {[%clk 1:33:05]} 8. Nxe4 {[%clk 1:33:01]} Nxe4
{[%clk 1:33:30]} 9. Qxe4 {[%clk 1:33:27]} Nf6 {[%clk 1:33:54]} 10. Qd3
{[%clk 1:33:50]} e6 {[%clk 1:34:07]} 11. Be2 {[%clk 1:33:29]} Bd6
{[%clk 1:30:42]} 12. O-O {[%clk 1:32:34]} O-O {[%clk 1:31:06]} 13. Bg5
{[%clk 1:30:14]} Re8 {[%clk 1:18:12]} 14. Rfd1 {[%clk 1:29:08]} Qe7
{[%clk 1:16:08]} 15. Bf1 {[%clk 1:15:47]} Rad8 {[%clk 1:16:09]} 16. Qf3
{[%clk 1:14:02]} h6 {[%clk 1:16:32]} 17. Bh4 {[%clk 1:07:30]} g5 {[%clk 1:13:30]}
18. Bg3 {[%clk 1:07:01]} Bxg3 {[%clk 1:13:54]} 19. Qxg3 {[%clk 1:07:27]} e5
{[%clk 1:14:07]} 20. dxe5 {[%clk 1:03:59]} Rxd1 {[%clk 1:14:31]} 21. Rxd1
{[%clk 1:04:24]} Qxe5 {[%clk 1:14:54]} 22. Qxe5 {[%clk 1:02:31]} Rxe5
{[%clk 1:15:18]} 23. Bc4 {[%clk 0:51:56]} Kf8 {[%clk 1:14:34]} 24. f3
{[%clk 0:51:51]} Ke7 {[%clk 1:14:47]} 25. Kf2 {[%clk 0:52:13]} Ne8
{[%clk 0:55:20]} 26. Rd4 {[%clk 0:48:35]} Nc7 {[%clk 0:53:01]} 27. f4
{[%clk 0:39:36]} Ne6 {[%clk 0:48:25]} 28. Bxe6 {[%clk 0:37:42]} Rxe6
{[%clk 0:48:50]} 29. Kf3 {[%clk 0:33:04]} Re1 {[%clk 0:41:41]} 30. Rb4
{[%clk 0:29:55]} b6 {[%clk 0:39:42]} 31. fxg5 {[%clk 0:20:37]} hxg5
{[%clk 0:40:07]} 32. Re4+ {[%clk 0:20:55]} Rxe4 {[%clk 0:40:31]} 33. Kxe4
{[%clk 0:21:22]} Ke6 {[%clk 0:40:49]} 34. b4 {[%clk 0:16:23]} f5+
{[%clk 0:39:36]} 35. Kd4 {[%clk 0:15:51]} Kd6 {[%clk 0:35:51]} 36. a4
{[%clk 0:11:08]} c5+ {[%clk 0:33:19]} 37. bxc5+ {[%clk 0:10:22]} bxc5+
{[%clk 0:33:45]} 38. Ke3 {[%clk 0:05:41]} Ke6 {[%clk 0:32:48]} 39. a5
{[%clk 0:04:40]} a6 {[%clk 0:33:04]} 40. g3 {[%clk 0:32:50]} Kf6 {[%clk 1:02:42]}
41. Kf3 {[%clk 0:23:53]} Kg6 {[%clk 1:03:02]} 42. Kf2 {[%clk 0:23:14]} Kf6
{[%clk 1:02:28]} 43. Ke3 {[%clk 0:21:22]} Ke6 {[%clk 1:01:21]} 44. Ke2
{[%clk 0:19:59]} Kf6 {[%clk 1:01:07]} 45. Ke3 {[%clk 0:19:05]} 1/2-1/2